Conjuración de Catilina

Uloženo v:
Podrobná bibliografie
Hlavní autor: Salustio, Cayo Crispo (Autor)
Médium: Kniha
Jazyk:španělština
Vydáno: Madrid Gredos 1997
Edice:Biblioteca Clásica Gredos, 246
Témata:
Tagy: Přidat tag
Žádné tagy, Buďte první, kdo vytvoří štítek k tomuto záznamu!

MARC

LEADER 00000nam a2200000 a 4500
001 UCN7101
003 CL-VaPUC
008 011012e19970000SP |||||||||||||||||spa|d
082 0 4 |a 973.05  |b SAL  |2 21 
100 |a Salustio, Cayo Crispo  |e author  |9 439244 
245 1 0 |a Conjuración de Catilina 
246 1 0 |a Guerra de Jugurta 
246 1 0 |a Fragmentos de las Historias 
300 |a 372 p 
942 |c BK 
945 |d 20011012 00:00:00  |a cmena 
260 |a Madrid  |b Gredos  |c 1997 
500 |a Incluye además: Pseudo Salustio: Cartas a César, invectiva contra Cicerón. Pseudo Cicerón: Invectiva contra Salustio 
650 0 |a Historia romana  |9 322973 
650 7 |a CONSPIRACION DE CATILINA 65 - 62 AC  |2 CL-VaPUC  |9 418658 
650 7 |a GUERRAS ROMANAS  |2 CL-VaPUC  |9 463024 
583 |a last modification  |c 20011012 00:00:00  |k Rodrigo Vera 
490 0 |a Biblioteca Clásica Gredos, 246 
999 |c 297619  |d 297617 
952 |0 0  |1 0  |4 0  |6 973_050000000000000_SAL_1997  |7 0  |8 X  |9 352530  |a BIBHIS  |b BIBHIS  |d 2019-11-21  |i 3763145  |o 973.05 SAL 1997  |p 3763145  |r 2024-01-30  |w 2019-11-21  |y BK_X  |k HIS